Focus sur: Denethor Ier - Tolkien - Statistiques

Statistiques générales
  • Ce quiz a été pris 5 fois
  • Le résultat moyen est 7 sur 9
Statistiques - réponses
Informations recherchées Réponses % Correct
Espèce Homme
100%
Profession et titre Intendant du Gondor
100%
Première mention Le Seigneur des Anneaux: Le Retour du Roi
100%
Cité Minas Anor
100%
Contrée Gondor
80%
Lignée (partiellement) Númenor
80%
Age durant lequel il vécut Troisième
80%
Fils Boromir
60%
Mère Rían
20%
Aucun quiz correspondant
Distribution des résultats
% des personnes avec chaque résultat
Percentile par nombre de réponses
Votre historique - résultats
Vous n’avez pas pris ce quiz